| 000 | 03178cam a2200349Mi 4500 | ||
|---|---|---|---|
| 001 | on1269275304 | ||
| 003 | TZ-ArACH | ||
| 005 | 20260414091425.0 | ||
| 008 | 210830t20212021fr f pb 001 0 fre d | ||
| 020 | _a9782275090788 (br) | ||
| 020 | _a2275090789 (br) | ||
| 024 | 3 | 0 | _a9782275090788 |
| 029 | 0 |
_aZWZ _b257019812 |
|
| 035 | _a(OCoLC)1269275304 | ||
| 040 |
_aZWZ _bfre _encafnor _cTZ-ArACH |
||
| 049 | _aTZAA | ||
| 050 |
_aKJV450 _b.D86 2021 |
||
| 100 | 1 |
_aDeumier, Pascale _d(1972-....). _4aut _eAuteur. |
|
| 245 | 1 | 0 |
_aIntroduction générale au droit / _cPascale Deumier |
| 250 | _a6e édition. | ||
| 300 |
_a1 vol. (398 p.) ; _c22 cm. |
||
| 490 | 1 |
_aManuel, _x0990-3909 |
|
| 500 | _aLGDJ = Librairie générale de droit et de jurisprudence. | ||
| 504 | _aBibliogr. p. 9-10. Notes bibliogr. Index. | ||
| 520 | _aL’objectif de cette introduction générale au droit est de fournir aux étudiants les connaissances fondamentales nécessaires pour aborder les autres cours de leurs études juridiques. À cette fin, son contenu est divisé en deux parties. D’une part, il est nécessaire d’avoir une vue d’ensemble et une compréhension générale de ce qu’est le droit, de ses éléments saillants et de ses différentes perceptions, qui constituent l’ensemble d’une culture juridique de base. Qu’est-ce que le droit : une règle, un juge, un système ? D’où vient son autorité ? Comment s’est-il manifesté, hier et aujourd’hui, ici et ailleurs ? D’autre part, il est nécessaire de maîtriser les outils fondamentaux du droit, à savoir les normes. D’où viennent-elles ? Comment peuvent-elles être identifiées ? Comment peuvent-elles être appliquées et comment les conflits peuvent-ils être résolus ? L’approche adoptée par cette introduction générale met l’accent sur le caractère général du droit (S0 (B)). Dans cette perspective, introduire le droit aujourd’hui signifie introduire le droit, public ou privé, d’origine nationale mais aussi internationale et européenne, tout en reconnaissant qu’il existe d’autres manières de pratiquer le droit ailleurs. Introduire le droit aujourd’hui signifie également introduire le droit tel qu’il se présente traditionnellement, à travers la législation et l’État, mais aussi Ce livre explore la complexité contemporaine du droit, à travers l'interaction de différents systèmes, sources et modes de régulation. Il s'adresse principalement aux étudiants en droit, qu'ils soient en première année ou qu'ils souhaitent consolider leurs connaissances juridiques générales en vue d'examens ou de concours (par exemple, CRFPA, ENM). Il peut également intéresser les juristes plus expérimentés désireux de réexaminer des questions juridiques générales ou de maîtriser l'interaction des normes juridiques. | ||
| 650 | 7 |
_aDroit _zFrance. _2ram _9306 |
|
| 655 | 7 |
_aManuels d'enseignement supérieur. _2ram |
|
| 776 | 0 |
_tIntroduction générale au droit / Pascale Deumier,... _dParis : LGDJ, un savoir faire de Lextenso, 2021 _w(ABES)261851810 |
|
| 830 | 0 | _aManuel (Paris) | |
| 886 | 2 |
_2unimarc _a181 _ai# _bxxxe## |
|
| 942 |
_2lcc _cBOOK |
||
| 999 |
_c7848 _d7848 |
||